Znaki rozpoznawcze Japonii - Statystyki

Ogólne statystyki
  • Ten quiz został rozwiązany 2 480 razy
  • Średni wynik to 10 z 18
Statystyki odpowiedzi
Obrazkowy Hint Odpowiedź % Poprawnych
sztuka walki Sumo
98%
jedzenie Sushi
98%
(kwiat narodowy) Kwiat Wiśni
93%
Origami
91%
Toyota
90%
stworek Pokemon
79%
góra Fudżi
71%
(feudalny wojownik) Samuraj
71%
Shinkansen
61%
(rodzaj sukienki) Kimono
60%
Wyspa Hokkaido
55%
(były cesarz) Hirohito
39%
japoński {makak}
38%
miasto Kioto
34%
(religia) Shinto
28%
(Premier 2012–2020) Shinzō Abe
14%
Zen
10%
(najwyższa konstrukcja) Tokyo Skytree
9%
Nie znaleziono quizów pasujących do podanych kryteriów
Rozkład punktacji
Procent ludzi z każdym wynikiem
Percentyl według liczby udzielonych odpowiedzi
Twoja historia wyników
Nie rozwiązałeś tego quizu